000 01027nam a2200277 u 4500
005 20240912063921.0
008 170901s2006 mx r 000 0 spa d
020 _a9707400927
035 _aUPN01000220109
049 _aF
050 4 _aLB1719
_bC3.2 2006
100 1 _aCasariego Vázquez, Rocío Minerva
_932882
245 1 3 _aLa formación permanente /
_cRocío M. Casariego Vázquez, Germán Valdivia Pueyo, Rosa María Daffunchio.
250 _a3a ed.
260 _aMéxico :
_bCONAFE, Dirección de Educación Comunitaria,
_c2006.
300 _a47 p. :
_bcuadros, 1 mapa
440 0 _aGuías de apoyo a la formación docente en MAEPI ;
_v9
650 2 _aCapacitación docente
_95701
650 4 _aFormación profesional de maestros indígenas
_926382
650 4 _aTutores (Educación)
_95717
610 2 4 _aPROYECTO DE ATENCION EDUCATIVA A POBLACION INDIGENA
_923492
700 1 _aValdivia Pueyo, Germán,
_ecoaut.
_941613
700 1 _aDaffunchio, Rosa María,
_ecoaut.
905 _aLibro
999 _c192208
_d192208